The guide to Malaysia. (Record no. 200450041)
[ view plain ]
| 000 -LEADER | |
|---|---|
| fixed length control field | 00848cam a2200301 i 4500 |
| 001 - CONTROL NUMBER | |
| control field | 200450041 |
| 003 - CONTROL NUMBER IDENTIFIER | |
| control field | TR-AnTOB |
| 005 - DATE AND TIME OF LATEST TRANSACTION | |
| control field | 20220921085711.0 |
| 007 - PHYSICAL DESCRIPTION FIXED FIELD--GENERAL INFORMATION | |
| fixed length control field | ta |
| 008 - FIXED-LENGTH DATA ELEMENTS--GENERAL INFORMATION | |
| fixed length control field | 150699t20142003my ab 00000 eng ¸ |
| 020 ## - INTERNATIONAL STANDARD BOOK NUMBER | |
| International Standard Book Number | 983224109X |
| International Standard Book Number | 9832241235 |
| International Standard Book Number | 9832241243 |
| 022 ## - INTERNATIONAL STANDARD SERIAL NUMBER | |
| Source | 97898322412263 |
| 040 ## - CATALOGING SOURCE | |
| Original cataloging agency | TR-AnTOB |
| Language of cataloging | eng |
| Description conventions | rda |
| Transcribing agency | TR-AnTOB |
| 041 0# - LANGUAGE CODE | |
| Language code of text/sound track or separate title | İngilizce |
| 050 14 - LIBRARY OF CONGRESS CALL NUMBER | |
| Classification number | DS592.6 |
| Item number | .G853 2014 |
| 090 ## - LOCALLY ASSIGNED LC-TYPE CALL NUMBER (OCLC); LOCAL CALL NUMBER (RLIN) | |
| Classification number (OCLC) (R) ; Classification number, CALL (RLIN) (NR) | DS592.6 |
| Local cutter number (OCLC) ; Book number/undivided call number, CALL (RLIN) | .G853 2014 |
| 245 00 - TITLE STATEMENT | |
| Title | The guide to Malaysia. |
| 264 #1 - PRODUCTION, PUBLICATION, DISTRIBUTION, MANUFACTURE, AND COPYRIGHT NOTICE | |
| Place of production, publication, distribution, manufacture | Malaysia: |
| Name of producer, publisher, distributor, manufacturer | Leisure Guide Publishing, |
| Date of production, publication, distribution, manufacture, or copyright notice | 2014. |
| 300 ## - PHYSICAL DESCRIPTION | |
| Extent | 431 pages : |
| Other physical details | illustrations, photographs, maps ; |
| Dimensions | 22 cm |
| 336 ## - CONTENT TYPE | |
| Source | rdacontent |
| Content type term | text |
| Content type code | txt |
| 337 ## - MEDIA TYPE | |
| Source | rdamedia |
| Media type term | unmediated |
| Media type code | n |
| 338 ## - CARRIER TYPE | |
| Source | rdacarrier |
| Carrier type term | volume |
| Carrier type code | nc |
| 651 #0 - SUBJECT ADDED ENTRY--GEOGRAPHIC NAME | |
| Geographic name | Malaysia |
| General subdivision | Description and travel |
| 9 (RLIN) | 138472 |
| 942 ## - ADDED ENTRY ELEMENTS (KOHA) | |
| Source of classification or shelving scheme | Library of Congress Classification |
| Koha item type | Book |
| Withdrawn status | Lost status | Source of classification or shelving scheme | Not for loan | Collection code | Home library | Current library | Shelving location | Date acquired | Source of acquisition | Inventory number | Total Checkouts | Full call number | Barcode | Date last seen | Date shelved | Koha item type |
|---|---|---|---|---|---|---|---|---|---|---|---|---|---|---|---|---|
| Library of Congress Classification | Ödünç Verilebilir / Available | Genel Koleksiyon | Merkez Kütüphane | Merkez Kütüphane | Genel Koleksiyon / Main Collection | 24/03/2022 | TOBB Bağış / TOBB Donation | TAR | DS592.6 .G853 2014 | 0065901 | 21/09/2022 | 27/09/2022 | Book |
